[Event "I OPEN INTERNACIONAL HOTEL MURTA (Event code: 116333)"]
[Site "Hotel Murta, Carrer Catedràtic Angel Lacalle, s/n, 46800 Xativa (Valencia)"]
[Date "2015.08.25"]
[Round "1"]
[Board "1"]
[White "Belo, Andre Nabais Moura"]
[Black "Granero Roca, Antonio"]
[Result "0-1"]
[WhiteElo "1694"]
[BlackElo "2397"]
[PlyCount "56"]
[EventDate "2015.08.25"]
[EventRounds "9"]
[EventCountry "ESP"]

1. e4 d6 2. d4 g6 3. Nf3 Bg7 4. Bc4 c6 5. Nc3 Nf6 6. h3 O-O 7. a4 d5 8. exd5
cxd5 9. Bd3 Nc6 10. O-O Nb4 11. Re1 Nxd3 12. Qxd3 Bf5 13. Qb5 b6 14. Qe2 Ne4
15. Nd1 Qc7 16. Ne3 Be6 17. c3 h6 18. Nd2 f5 19. Nef1 Bd7 20. f3 Nf6 21. Qxe7
Qc6 22. Qe2 Nh5 23. Nb1 Rfe8 24. Qf2 Rxe1 25. Qxe1 Re8 26. Qf2 Qc4 27. Nbd2 Qa6
28. b4 Qd3 0-1

[Event "I OPEN INTERNACIONAL HOTEL MURTA (Event code: 116333)"]
[Site "Hotel Murta, Carrer Catedràtic Angel Lacalle, s/n, 46800 Xativa (Valencia)"]
[Date "2015.08.25"]
[Round "1"]
[Board "2"]
[White "Castella Garcia, Fausto"]
[Black "Pradas Soria, Ernesto"]
[Result "1-0"]
[WhiteElo "2310"]
[BlackElo "1689"]
[PlyCount "45"]
[EventDate "2015.08.25"]
[EventRounds "9"]
[EventCountry "ESP"]

1. e4 c5 2. Nc3 d6 3. Nf3 Nf6 4. e5 dxe5 5. Nxe5 a6 6. a4 e6 7. g3 Qc7 8. Nc4
Bd7 9. Bg2 Bc6 10. O-O Bxg2 11. Kxg2 Nc6 12. d3 O-O-O 13. Re1 e5 14. Nb5 axb5
15. axb5 Nb8 16. Rxe5 b6 17. Kg1 Qb7 18. Bf4 h6 19. Ra8 Nfd7 20. Qa1 Nxe5 21.
Bxe5 Bd6 22. Nxd6+ Rxd6 23. Bxd6 1-0

[Event "I OPEN INTERNACIONAL HOTEL MURTA (Event code: 116333)"]
[Site "Hotel Murta, Carrer Catedràtic Angel Lacalle, s/n, 46800 Xativa (Valencia)"]
[Date "2015.08.25"]
[Round "1"]
[Board "3"]
[White "Sanchez Tapia, Luis G."]
[Black "Cruz Lledo, Pablo"]
[Result "0-1"]
[WhiteElo "1665"]
[BlackElo "2291"]
[PlyCount "80"]
[EventDate "2015.08.25"]
[EventRounds "9"]
[EventCountry "ESP"]

1. Nf3 d5 2. c4 c6 3. e3 Nf6 4. Nc3 a6 5. Ne5 g6 6. b4 Bg7 7. d4 O-O 8. c5 Nfd7
9. f4 Nxe5 10. fxe5 f6 11. exf6 exf6 12. Bd3 f5 13. O-O Nd7 14. Na4 Re8 15. a3
Qc7 16. Ra2 Nf6 17. Nb6 Rb8 18. h3 Ne4 19. Bxe4 Rxe4 20. Raf2 Bd7 21. Na4 Bh6
22. Rf3 Rbe8 23. Qb3 Qd8 24. Nb2 Qe7 25. Nd1 Re6 26. Kh1 Bg5 27. g3 h5 28. Qd3
h4 29. gxh4 Bxh4 30. Rg1 Kh8 31. Bd2 Qh7 32. Rf4 g5 33. Rxh4 gxh4 34. Rg5 Rg6
35. Rxg6 Qxg6 36. Qf1 Rg8 37. Nc3 f4 38. Ne2 fxe3 39. Be1 Bf5 40. Bxh4 Be4+ 0-1

[Event "I OPEN INTERNACIONAL HOTEL MURTA (Event code: 116333)"]
[Site "Hotel Murta, Carrer Catedràtic Angel Lacalle, s/n, 46800 Xativa (Valencia)"]
[Date "2015.08.25"]
[Round "1"]
[Board "4"]
[White "Sanchez Saez, Francisco"]
[Black "Fernandez Sanchez, Vicente"]
[Result "1-0"]
[WhiteElo "2227"]
[BlackElo "1644"]
[PlyCount "35"]
[EventDate "2015.08.25"]
[EventRounds "9"]
[EventCountry "ESP"]

1. e4 c5 2. d4 cxd4 3. c3 dxc3 4. Nxc3 Nc6 5. Nf3 d6 6. Bc4 Bg4 7. Bxf7+ Kxf7
8. Ng5+ Ke8 9. Qxg4 Nf6 10. Qe6 Nd4 11. Qf7+ Kd7 12. O-O Rc8 13. Be3 Nc2 14.
Qe6+ Ke8 15. Rad1 Nxe3 16. fxe3 Qd7 17. Qf7+ Kd8 18. Ne6+ 1-0

[Event "I OPEN INTERNACIONAL HOTEL MURTA (Event code: 116333)"]
[Site "Hotel Murta, Carrer Catedràtic Angel Lacalle, s/n, 46800 Xativa (Valencia)"]
[Date "2015.08.25"]
[Round "1"]
[Board "5"]
[White "Lluch Ventura, Enrique"]
[Black "Uran Bermudez, Oliver Kevin"]
[Result "0-1"]
[WhiteElo "1641"]
[BlackElo "2216"]
[PlyCount "66"]
[EventDate "2015.08.25"]
[EventRounds "9"]
[EventCountry "ESP"]

1. d4 Nf6 2. c4 c5 3. d5 e5 4. Nc3 d6 5. e4 Be7 6. Bg5 Nbd7 7. Nf3 h5 8. Be2
Nf8 9. a3 Ng6 10. b4 b6 11. b5 Bg4 12. Bxf6 Bxf6 13. h3 Bd7 14. a4 Nf4 15. Rh2
g6 16. Kd2 h4 17. Qg1 Bg7 18. Bd3 Qf6 19. Be2 g5 20. Nd1 Qg6 21. Bd3 f5 22. Qe1
Nxd3 23. Kxd3 fxe4+ 24. Kd2 exf3 25. gxf3 O-O 26. Ra3 Rf4 27. Rc3 e4 28. Re3
Re8 29. fxe4 Bd4 30. Rd3 Rfxe4 31. Qg1 Re2+ 32. Kc1 Qxd3 33. Qxg5+ Bg7 0-1

[Event "I OPEN INTERNACIONAL HOTEL MURTA (Event code: 116333)"]
[Site "Hotel Murta, Carrer Catedràtic Angel Lacalle, s/n, 46800 Xativa (Valencia)"]
[Date "2015.08.25"]
[Round "1"]
[Board "6"]
[White "Sanchez Jerez, Emilio Miguel"]
[Black "Sanmateu Juan, Sergio"]
[Result "1-0"]
[WhiteElo "2187"]
[BlackElo "1629"]
[PlyCount "77"]
[EventDate "2015.08.25"]
[EventRounds "9"]
[EventCountry "ESP"]

1. e4 e6 2. Nc3 d5 3. f4 Nf6 4. e5 Nfd7 5. Qg4 a6 6. b3 c5 7. Bb2 Nc6 8. Nf3 f5
9. Qh3 Nb6 10. g4 g6 11. gxf5 gxf5 12. O-O-O Qe7 13. Ng5 h5 14. Be2 h4 15. Bf3
Bd7 16. Nxd5 exd5 17. Bxd5 O-O-O 18. Bc4 Nd4 19. c3 Nb5 20. d4 cxd4 21. cxd4
Bh6 22. Rhg1 Bxg5 23. Rxg5 Rdg8 24. Rxg8+ Rxg8 25. d5 Nxd5 26. Bxd5 Rg4 27. Qe3
Nc7 28. Bf3 Rg6 29. Kb1 Bc6 30. Bxc6 Rxc6 31. Qd3 Qf8 32. Ba3 Qe8 33. Qxf5+ Kb8
34. Qf8 Qxf8 35. Bxf8 Ne6 36. Bd6+ Rxd6 37. exd6 Kc8 38. f5 Nc5 39. Rc1 1-0

[Event "I OPEN INTERNACIONAL HOTEL MURTA (Event code: 116333)"]
[Site "Hotel Murta, Carrer Catedràtic Angel Lacalle, s/n, 46800 Xativa (Valencia)"]
[Date "2015.08.25"]
[Round "1"]
[Board "7"]
[White "Llerena Achutegui, Mariano"]
[Black "Montalban Galvez, Antoni"]
[Result "0-1"]
[WhiteElo "1616"]
[BlackElo "2186"]
[PlyCount "104"]
[EventDate "2015.08.25"]
[EventRounds "9"]
[EventCountry "ESP"]

1. e4 c5 2. d4 cxd4 3. c3 Nf6 4. Bc4 b5 5. Bxb5 Nxe4 6. Qxd4 Bb7 7. f3 Nf6 8.
Ne2 Nc6 9. Bxc6 Bxc6 10. O-O g6 11. Be3 Bg7 12. Qd2 O-O 13. Nd4 Bb7 14. Na3 d6
15. Bh6 Bxh6 16. Qxh6 Qb6 17. Qe3 Nd5 18. Qf2 Rac8 19. Ndb5 a6 20. Qxb6 Nxb6
21. Nd4 e5 22. Nb3 d5 23. Rad1 Rc7 24. f4 f6 25. fxe5 fxe5 26. Rxf8+ Kxf8 27.
Kf2 Ke7 28. g3 Nc8 29. Rd2 Nd6 30. Ke3 Nf5+ 31. Kf2 Kf6 32. g4 Nd6 33. Rd3 Kg5
34. h3 Rf7+ 35. Rf3 Ne4+ 36. Ke3 Rxf3+ 37. Kxf3 Kh4 38. Kg2 Ng5 39. Nc5 Ba8 40.
Nxa6 Nxh3 41. Nc7 Bb7 42. Nab5 Kxg4 43. Nd6 Bc6 44. Kf1 d4 45. cxd4 exd4 46. b4
Nf4 47. b5 Bf3 48. Ke1 h5 49. b6 h4 50. b7 Bxb7 51. Nxb7 h3 52. Kf1 h2 0-1

[Event "I OPEN INTERNACIONAL HOTEL MURTA (Event code: 116333)"]
[Site "Hotel Murta, Carrer Catedràtic Angel Lacalle, s/n, 46800 Xativa (Valencia)"]
[Date "2015.08.25"]
[Round "1"]
[Board "8"]
[White "Serrano Felipe, Rafael"]
[Black "Vila Tormo, Eduardo"]
[Result "1-0"]
[WhiteElo "2168"]
[BlackElo "1615"]
[PlyCount "75"]
[EventDate "2015.08.25"]
[EventRounds "9"]
[EventCountry "ESP"]

1. e4 c5 2. Nf3 d6 3. d4 cxd4 4. Nxd4 Nf6 5. Nc3 g6 6. Be3 Bg7 7. f3 O-O 8. Qd2
Nbd7 9. Bc4 Nb6 10. Bb3 Nfd7 11. Bh6 Nc5 12. h4 Nxb3 13. cxb3 Re8 14. Bxg7 Kxg7
15. h5 Rh8 16. h6+ Kf8 17. O-O-O Bd7 18. Kb1 Rc8 19. g4 Rc5 20. g5 a6 21. Nc2
Na8 22. Nd5 Be6 23. Nf4 Bd7 24. b4 Rc8 25. Ne3 b5 26. Nfd5 Rg8 27. Rc1 Nb6 28.
Qd4 Nc4 29. Nxc4 Rxc4 30. Rxc4 bxc4 31. Qxc4 Bb5 32. Qd4 Ke8 33. Rc1 e6 34.
Nf6+ Ke7 35. Nxg8+ Qxg8 36. Rc7+ Bd7 37. Qf6+ Ke8 38. Rb7 1-0

[Event "I OPEN INTERNACIONAL HOTEL MURTA (Event code: 116333)"]
[Site "Hotel Murta, Carrer Catedràtic Angel Lacalle, s/n, 46800 Xativa (Valencia)"]
[Date "2015.08.25"]
[Round "1"]
[Board "9"]
[White "Magraner Del Val, Alfonso"]
[Black "Hassomal Daswani, Birjkumar"]
[Result "0-1"]
[WhiteElo "1573"]
[BlackElo "2109"]
[PlyCount "66"]
[EventDate "2015.08.25"]
[EventRounds "9"]
[EventCountry "ESP"]

1. e4 c5 2. Nf3 g6 3. c3 Nf6 4. e5 Nd5 5. d4 cxd4 6. cxd4 Bg7 7. Bc4 Nb6 8. Bb3
O-O 9. O-O d6 10. Bf4 dxe5 11. Bxe5 N8d7 12. Bxg7 Kxg7 13. Nc3 Nf6 14. h3 Bd7
15. Re1 Bc6 16. Ne5 Bd5 17. Nxd5 Nbxd5 18. Rc1 e6 19. Re2 Rc8 20. Rec2 Rxc2 21.
Rxc2 Qd6 22. Nf3 Nf4 23. Qc1 Rd8 24. Kh1 a6 25. Rc8 Rxc8 26. Qxc8 Ne4 27. Qxb7
Nxf2+ 28. Kg1 N2d3 29. Ne5 Qxd4+ 30. Kh1 Qxe5 31. Qxa6 Nf2+ 32. Kg1 Qe1+ 33.
Kh2 Ne2 0-1

[Event "I OPEN INTERNACIONAL HOTEL MURTA (Event code: 116333)"]
[Site "Hotel Murta, Carrer Catedràtic Angel Lacalle, s/n, 46800 Xativa (Valencia)"]
[Date "2015.08.25"]
[Round "1"]
[Board "10"]
[White "Martin Rodriguez, Emilio"]
[Black "Sancho Pascual, Emilio"]
[Result "1-0"]
[WhiteElo "2098"]
[BlackElo "1550"]
[PlyCount "39"]
[EventDate "2015.08.25"]
[EventRounds "9"]
[EventCountry "ESP"]

1. d4 Nf6 2. c4 e6 3. Nc3 Bb4 4. e3 O-O 5. Bd3 d5 6. Nf3 dxc4 7. Bxc4 Ne4 8.
Qc2 Nxc3 9. bxc3 Be7 10. Bd3 h6 11. h4 Nd7 12. g4 c5 13. g5 b5 14. gxh6 gxh6
15. e4 c4 16. Qd2 f5 17. Rg1+ Kf7 18. Qxh6 Ke8 19. Qh5+ Rf7 20. Rg7 1-0

[Event "I OPEN INTERNACIONAL HOTEL MURTA (Event code: 116333)"]
[Site "Hotel Murta, Carrer Catedràtic Angel Lacalle, s/n, 46800 Xativa (Valencia)"]
[Date "2015.08.25"]
[Round "2"]
[Board "1"]
[White "Granero Roca, Antonio"]
[Black "Gomar Juan, Miguel"]
[Result "1-0"]
[WhiteElo "2397"]
[BlackElo "1921"]
[PlyCount "59"]
[EventDate "2015.08.25"]
[EventRounds "9"]
[EventCountry "ESP"]

1. Nf3 d5 2. g3 Nf6 3. Bg2 e6 4. O-O Be7 5. c4 O-O 6. b3 c5 7. cxd5 Nxd5 8. Bb2
Bf6 9. d4 cxd4 10. Nxd4 Nd7 11. Nd2 N7b6 12. Ne4 Be7 13. Rc1 Bd7 14. Nc5 Qb8
15. Nxd7 Nxd7 16. Bxd5 exd5 17. Nf5 Bf6 18. Ba3 Rc8 19. Qxd5 Nb6 20. Qf3 Qe5
21. Nd6 Rd8 22. Ne4 Be7 23. Bxe7 Qxe7 24. Rfd1 Rxd1+ 25. Rxd1 Re8 26. e3 h6 27.
Rd4 Nc8 28. Nc3 Qa3 29. Rd7 Nd6 30. Nb5 1-0

[Event "I OPEN INTERNACIONAL HOTEL MURTA (Event code: 116333)"]
[Site "Hotel Murta, Carrer Catedràtic Angel Lacalle, s/n, 46800 Xativa (Valencia)"]
[Date "2015.08.25"]
[Round "2"]
[Board "2"]
[White "Gonzalvez Tamarit, Ruben"]
[Black "Castella Garcia, Fausto"]
[Result "0-1"]
[WhiteElo "1929"]
[BlackElo "2310"]
[PlyCount "64"]
[EventDate "2015.08.25"]
[EventRounds "9"]
[EventCountry "ESP"]

1. e4 c5 2. Nf3 e6 3. d4 cxd4 4. Nxd4 a6 5. c4 Nf6 6. Nc3 Bb4 7. Qc2 Qc7 8. a3
Bc5 9. Nb3 Be7 10. Be2 b6 11. O-O Bb7 12. Be3 d6 13. f3 Nbd7 14. Rac1 O-O 15.
Rfe1 Rac8 16. Bf1 Rfe8 17. Qf2 Qb8 18. Na4 Bc6 19. Nc3 Bf8 20. Nd4 Ba8 21. Nc2
Ne5 22. Na4 Nfd7 23. Nxb6 Nxb6 24. Bxb6 Nxc4 25. Bd4 e5 26. Bxc4 Rxc4 27. Bc3
d5 28. exd5 Bc5 29. Ne3 Qa7 30. Bd2 Rd4 31. Rxc5 Qxc5 32. Nf5 Qc2 0-1

[Event "I OPEN INTERNACIONAL HOTEL MURTA (Event code: 116333)"]
[Site "Hotel Murta, Carrer Catedràtic Angel Lacalle, s/n, 46800 Xativa (Valencia)"]
[Date "2015.08.25"]
[Round "2"]
[Board "3"]
[White "Cruz Lledo, Pablo"]
[Black "Villacorta Nicolas, David"]
[Result "1-0"]
[WhiteElo "2291"]
[BlackElo "1854"]
[PlyCount "57"]
[EventDate "2015.08.25"]
[EventRounds "9"]
[EventCountry "ESP"]

1. d4 Nf6 2. c4 c5 3. d5 b5 4. f3 e6 5. e4 d6 6. dxe6 fxe6 7. cxb5 a6 8. Na3
Nbd7 9. Ne2 Nb6 10. Nc3 Be7 11. Be2 O-O 12. O-O d5 13. e5 Nfd7 14. f4 c4 15.
Nc2 axb5 16. Nxb5 Ba6 17. Nbd4 Bc5 18. Kh1 Bxd4 19. Nxd4 Nc5 20. Be3 Nbd7 21.
b4 cxb3 22. axb3 Bxe2 23. Qxe2 Qb6 24. Rxa8 Rxa8 25. f5 Nxb3 26. Nxb3 Qxb3 27.
fxe6 Nxe5 28. Bd4 Qd3 29. Qf2 1-0

[Event "I OPEN INTERNACIONAL HOTEL MURTA (Event code: 116333)"]
[Site "Hotel Murta, Carrer Catedràtic Angel Lacalle, s/n, 46800 Xativa (Valencia)"]
[Date "2015.08.25"]
[Round "2"]
[Board "4"]
[White "Crespo Calatayud, Santiago"]
[Black "Sanchez Saez, Francisco"]
[Result "0-1"]
[WhiteElo "1835"]
[BlackElo "2227"]
[PlyCount "46"]
[EventDate "2015.08.25"]
[EventRounds "9"]
[EventCountry "ESP"]

1. Nf3 Nf6 2. c4 g6 3. d4 Bg7 4. Bg5 c5 5. Nc3 cxd4 6. Nxd4 Nc6 7. Nxc6 bxc6 8.
e4 O-O 9. Be2 Rb8 10. Rb1 Qa5 11. Bd2 Qe5 12. Qc2 d5 13. f4 Qd4 14. Qd3 Nxe4
15. Nxe4 dxe4 16. Qxd4 Bxd4 17. b3 c5 18. h4 h5 19. Ba5 Bf5 20. Rd1 Rfc8 21. g3
Rc6 22. g4 hxg4 23. h5 g3 0-1

[Event "I OPEN INTERNACIONAL HOTEL MURTA (Event code: 116333)"]
[Site "Hotel Murta, Carrer Catedràtic Angel Lacalle, s/n, 46800 Xativa (Valencia)"]
[Date "2015.08.25"]
[Round "2"]
[Board "5"]
[White "Uran Bermudez, Oliver Kevin"]
[Black "Marco Francisco, Miriam"]
[Result "1-0"]
[WhiteElo "2216"]
[BlackElo "1835"]
[PlyCount "69"]
[EventDate "2015.08.25"]
[EventRounds "9"]
[EventCountry "ESP"]

1. e4 d5 2. exd5 Qxd5 3. Nc3 Qd6 4. d4 Nf6 5. Nf3 c6 6. Ne5 Nbd7 7. Nc4 Qc7 8.
Qf3 Nb6 9. Ne5 e6 10. Bf4 Bd6 11. Bd3 Nbd7 12. Qe2 O-O 13. O-O a6 14. Rad1 b5
15. Rfe1 Bb7 16. Bg5 h6 17. Nxd7 Nxd7 18. Qe4 g6 19. Bxh6 Rfe8 20. Qh4 Be7 21.
Qh3 Bf6 22. Be3 Rad8 23. Ne4 Bg7 24. Bg5 Ra8 25. c3 c5 26. dxc5 Bxe4 27. Bxe4
Rac8 28. b4 f5 29. Bc2 Kf7 30. Bb3 Ne5 31. Rd6 a5 32. a3 a4 33. Ba2 Nc4 34.
Bxc4 bxc4 35. Red1 1-0

[Event "I OPEN INTERNACIONAL HOTEL MURTA (Event code: 116333)"]
[Site "Hotel Murta, Carrer Catedràtic Angel Lacalle, s/n, 46800 Xativa (Valencia)"]
[Date "2015.08.25"]
[Round "2"]
[Board "6"]
[White "Albuixec Sanz, Jorge"]
[Black "Sanchez Jerez, Emilio Miguel"]
[Result "0-1"]
[WhiteElo "1806"]
[BlackElo "2187"]
[PlyCount "54"]
[EventDate "2015.08.25"]
[EventRounds "9"]
[EventCountry "ESP"]

1. e4 e6 2. d4 d5 3. Nd2 Nf6 4. Bd3 c5 5. c3 b6 6. Ne2 dxe4 7. Nxe4 Bb7 8. N2g3
Nxe4 9. Nxe4 cxd4 10. O-O Qd5 11. Re1 dxc3 12. bxc3 Nd7 13. f3 O-O-O 14. Qe2
Nc5 15. Bc4 Qh5 16. Ng3 Qg6 17. Be3 h5 18. Rad1 Be7 19. Bf4 Bf6 20. Be5 h4 21.
Bxf6 Qxf6 22. Ne4 Bxe4 23. fxe4 Qxc3 24. Rf1 Qd4+ 25. Kh1 Qxe4 26. Ba6+ Kb8 27.
Qb5 h3 0-1

[Event "I OPEN INTERNACIONAL HOTEL MURTA (Event code: 116333)"]
[Site "Hotel Murta, Carrer Catedràtic Angel Lacalle, s/n, 46800 Xativa (Valencia)"]
[Date "2015.08.25"]
[Round "2"]
[Board "7"]
[White "Montalban Galvez, Antoni"]
[Black "Polop Navarro, Jose"]
[Result "1-0"]
[WhiteElo "2186"]
[BlackElo "1807"]
[PlyCount "73"]
[EventDate "2015.08.25"]
[EventRounds "9"]
[EventCountry "ESP"]

1. Nf3 d5 2. c4 c6 3. d4 Nf6 4. Nc3 h6 5. Qd3 e6 6. e4 dxe4 7. Nxe4 Nbd7 8. Bd2
Nxe4 9. Qxe4 Nf6 10. Qc2 Bd6 11. Bd3 b6 12. Bc3 Bc7 13. O-O-O a5 14. Ne5 Bd7
15. Qe2 O-O 16. g4 b5 17. h4 bxc4 18. Bxc4 Nd5 19. Bd2 Rb8 20. g5 Bxe5 21. dxe5
Qb6 22. b3 a4 23. gxh6 axb3 24. Bxb3 Qc5+ 25. Qc4 Qa3+ 26. Kb1 g6 27. h5 Kh7
28. Rdg1 c5 29. Qd3 Rg8 30. Qf3 Be8 31. Rg4 Rb7 32. Bc1 Qa6 33. Bb2 Qa8 34. Rc1
Nb4 35. Rxc5 Nxa2 36. hxg6+ fxg6 37. Rc7+ 1-0

[Event "I OPEN INTERNACIONAL HOTEL MURTA (Event code: 116333)"]
[Site "Hotel Murta, Carrer Catedràtic Angel Lacalle, s/n, 46800 Xativa (Valencia)"]
[Date "2015.08.25"]
[Round "2"]
[Board "8"]
[White "Hassomal Daswani, Birjkumar"]
[Black "Carmona Huertas, Juan Antonio"]
[Result "1-0"]
[WhiteElo "2109"]
[BlackElo "1773"]
[PlyCount "59"]
[EventDate "2015.08.25"]
[EventRounds "9"]
[EventCountry "ESP"]

1. e4 c5 2. Nf3 Nc6 3. d4 cxd4 4. Nxd4 g6 5. Nc3 Bg7 6. Be3 Nf6 7. Bc4 O-O 8.
Bb3 d6 9. f3 Bd7 10. Qd2 Nxd4 11. Bxd4 a5 12. a4 Bc6 13. O-O-O Nd7 14. Bxg7
Kxg7 15. h4 h5 16. g4 Nf6 17. gxh5 Nxh5 18. Rdg1 e6 19. Ne2 Rh8 20. Qe3 Qf6 21.
Rg5 Kf8 22. Rhg1 Ng7 23. R1g4 e5 24. f4 Ne6 25. Bxe6 Qxe6 26. Nc3 Bd7 27. f5
gxf5 28. exf5 Qf6 29. Nd5 Qd8 30. Rg8+ 1-0

[Event "I OPEN INTERNACIONAL HOTEL MURTA (Event code: 116333)"]
[Site "Hotel Murta, Carrer Catedràtic Angel Lacalle, s/n, 46800 Xativa (Valencia)"]
[Date "2015.08.25"]
[Round "2"]
[Board "9"]
[White "Garnacho Velasco, Eduardo"]
[Black "Martin Rodriguez, Emilio"]
[Result "1-0"]
[WhiteElo "1778"]
[BlackElo "2098"]
[PlyCount "81"]
[EventDate "2015.08.25"]
[EventRounds "9"]
[EventCountry "ESP"]

1. e4 e6 2. d4 d5 3. Nc3 Nf6 4. e5 Nfd7 5. f4 c5 6. Nf3 Nc6 7. Be3 Be7 8. Be2
a6 9. O-O O-O 10. a3 b6 11. Qe1 f6 12. Nd1 cxd4 13. Nxd4 Nxd4 14. Bxd4 Bc5 15.
Bxc5 bxc5 16. Bg4 f5 17. Bf3 c4 18. Qe3 Rb8 19. Rb1 Qa5 20. Qd4 Qc5 21. c3 Rb3
22. Nf2 Qb5 23. Qd2 Qb6 24. Qd4 Qb8 25. Qd2 Nc5 26. Rfc1 Rd8 27. g4 fxg4 28.
Bxg4 Rf8 29. Re1 Kh8 30. Bd1 Rb7 31. Qe3 Qc7 32. Bc2 g6 33. Ng4 Nd7 34. Qh3
Rxf4 35. Rf1 Rxg4+ 36. Qxg4 Qxe5 37. Rbe1 Qg7 38. Qxe6 h5 39. Qe8+ Qg8 40.
Qxg8+ Kxg8 41. Re8+ 1-0

[Event "I OPEN INTERNACIONAL HOTEL MURTA (Event code: 116333)"]
[Site "Hotel Murta, Carrer Catedràtic Angel Lacalle, s/n, 46800 Xativa (Valencia)"]
[Date "2015.08.25"]
[Round "2"]
[Board "10"]
[White "Reig Albero, Ferran"]
[Black "Gonzalvez Tamarit, Ivan"]
[Result "1/2-1/2"]
[WhiteElo "2067"]
[BlackElo "1750"]
[PlyCount "61"]
[EventDate "2015.08.25"]
[EventRounds "9"]
[EventCountry "ESP"]

1. e4 c6 2. Nf3 d5 3. Nc3 dxe4 4. Nxe4 Bf5 5. Ng3 Bg6 6. Ne5 Nd7 7. Nxg6 hxg6
8. Bc4 e6 9. Qe2 Bc5 10. Ne4 Be7 11. d4 Qc7 12. g3 Ngf6 13. Bf4 Qa5+ 14. Bd2
Qb6 15. O-O-O Qxd4 16. Ng5 Qe5 17. Be3 Nd5 18. Bxd5 cxd5 19. f4 Qc7 20. Bd4
Bxg5 21. fxg5 O-O 22. Rd3 Qd6 23. h4 Nc5 24. Bxc5 Qxc5 25. h5 d4 26. Qg4 Rac8
27. Rh2 Qe5 28. Re2 Qd5 29. hxg6 fxg6 30. Rxd4 Qxa2 31. Qxe6+ 1/2-1/2

[Event "I OPEN INTERNACIONAL HOTEL MURTA (Event code: 116333)"]
[Site "Hotel Murta, Carrer Catedràtic Angel Lacalle, s/n, 46800 Xativa (Valencia)"]
[Date "2015.08.26"]
[Round "3"]
[Board "1"]
[White "Sanchez Jerez, Emilio Miguel"]
[Black "Granero Roca, Antonio"]
[Result "0-1"]
[WhiteElo "2187"]
[BlackElo "2397"]
[PlyCount "92"]
[EventDate "2015.08.25"]
[EventRounds "9"]
[EventCountry "ESP"]

1. e4 c6 2. Nc3 d5 3. Nf3 Bg4 4. h3 Bxf3 5. Qxf3 e6 6. d4 Nd7 7. Bd3 dxe4 8.
Nxe4 Ngf6 9. c3 Be7 10. O-O O-O 11. Bf4 Nxe4 12. Bxe4 Nf6 13. Bc2 Qd5 14. Qg3
Rfd8 15. Rfe1 Nh5 16. Qd3 Qxg2+ 17. Kxg2 Nxf4+ 18. Kf3 Nxd3 19. Bxd3 c5 20. Re4
Bf6 21. Rd1 cxd4 22. cxd4 Rac8 23. Bb5 Kf8 24. Rd2 a6 25. Ba4 Rc4 26. d5 Rc5
27. d6 Rf5+ 28. Ke2 Be5 29. Rb4 b5 30. Bc2 Rf4 31. Re4 Rxe4+ 32. Bxe4 Bxd6 33.
b4 Ke7 34. Bb7 Rb8 35. Bxa6 Rb6 36. Bc8 Bxb4 37. Rd7+ Kf6 38. Rb7 Rc6 39. Bd7
Rc2+ 40. Kf3 Rxa2 41. Bxb5 Bc5 42. Be8 Rxf2+ 43. Kg3 Kg6 44. Rb5 Rf5 45. h4
Bf2+ 46. Kh3 Rf4 0-1

[Event "I OPEN INTERNACIONAL HOTEL MURTA (Event code: 116333)"]
[Site "Hotel Murta, Carrer Catedràtic Angel Lacalle, s/n, 46800 Xativa (Valencia)"]
[Date "2015.08.26"]
[Round "3"]
[Board "2"]
[White "Castella Garcia, Fausto"]
[Black "Uran Bermudez, Oliver Kevin"]
[Result "1-0"]
[WhiteElo "2310"]
[BlackElo "2216"]
[PlyCount "33"]
[EventDate "2015.08.25"]
[EventRounds "9"]
[EventCountry "ESP"]

1. e4 c5 2. Nf3 a6 3. Nc3 Nc6 4. d4 cxd4 5. Nxd4 e5 6. Nf5 d6 7. Bc4 Bxf5 8.
exf5 Nd4 9. O-O Nf6 10. Bg5 Be7 11. Bxf6 Bxf6 12. Qd3 O-O 13. Nd5 Rc8 14. Bb3
Re8 15. Rfe1 g6 16. fxg6 hxg6 17. Qxd4 1-0

[Event "I OPEN INTERNACIONAL HOTEL MURTA (Event code: 116333)"]
[Site "Hotel Murta, Carrer Catedràtic Angel Lacalle, s/n, 46800 Xativa (Valencia)"]
[Date "2015.08.26"]
[Round "3"]
[Board "3"]
[White "Gonzalvez Perales, Jose Luis"]
[Black "Cruz Lledo, Pablo"]
[Result "0-1"]
[WhiteElo "2010"]
[BlackElo "2291"]
[PlyCount "24"]
[EventDate "2015.08.25"]
[EventRounds "9"]
[EventCountry "ESP"]

1. e4 d5 2. exd5 Qxd5 3. Nc3 Qd6 4. d4 Nf6 5. Bc4 g6 6. Nge2 Bg7 7. a3 O-O 8.
Bf4 Qc6 9. Bb5 Qxg2 10. Rg1 Qh3 11. Bxc7 a6 12. Qd3 axb5 0-1

[Event "I OPEN INTERNACIONAL HOTEL MURTA (Event code: 116333)"]
[Site "Hotel Murta, Carrer Catedràtic Angel Lacalle, s/n, 46800 Xativa (Valencia)"]
[Date "2015.08.26"]
[Round "3"]
[Board "4"]
[White "Sanchez Saez, Francisco"]
[Black "Villar, Juan"]
[Result "1-0"]
[WhiteElo "2227"]
[BlackElo "2008"]
[PlyCount "73"]
[EventDate "2015.08.25"]
[EventRounds "9"]
[EventCountry "ESP"]

1. e4 c5 2. d4 cxd4 3. c3 dxc3 4. Nxc3 Nc6 5. Nf3 d6 6. Bc4 a6 7. O-O Nf6 8.
Bf4 Bg4 9. h3 Bh5 10. g4 Bg6 11. Qe2 Nd7 12. Rfd1 Qb8 13. Rac1 e6 14. b4 Be7
15. b5 Nce5 16. Bxe5 Nxe5 17. Nxe5 dxe5 18. bxa6 bxa6 19. Bxa6 O-O 20. Rd7 Ra7
21. Rcd1 Bc5 22. Rxa7 Qxa7 23. Bc4 Rc8 24. h4 Bd4 25. Nb5 Qc5 26. Rc1 Qc6 27.
Nxd4 exd4 28. f3 Qc5 29. Kg2 h5 30. g5 Qe5 31. Rd1 Qf4 32. Rxd4 Qxh4 33. Qd2 e5
34. Rd8+ Rxd8 35. Qxd8+ Kh7 36. Bxf7 Qf4 37. Qg8# 1-0

[Event "I OPEN INTERNACIONAL HOTEL MURTA (Event code: 116333)"]
[Site "Hotel Murta, Carrer Catedràtic Angel Lacalle, s/n, 46800 Xativa (Valencia)"]
[Date "2015.08.26"]
[Round "3"]
[Board "5"]
[White "Banos, Oscar"]
[Black "Garnacho Velasco, Eduardo"]
[Result "1-0"]
[WhiteElo "2237"]
[BlackElo "1778"]
[PlyCount "105"]
[EventDate "2015.08.25"]
[EventRounds "9"]
[EventCountry "ESP"]

1. c4 e5 2. g3 Nf6 3. Bg2 c6 4. Nf3 d6 5. Nc3 Be7 6. O-O O-O 7. d3 Qc7 8. h3 h6
9. e4 Be6 10. Qe2 Nbd7 11. d4 Nb6 12. b3 Nh7 13. Bb2 Ng5 14. Nxg5 hxg5 15. Nd1
Bf6 16. d5 Bd7 17. Ne3 Qc8 18. dxc6 bxc6 19. Rad1 Qc7 20. Nf5 Bxf5 21. exf5
Rac8 22. Qg4 Rfd8 23. f4 gxf4 24. gxf4 Nd7 25. Ba3 c5 26. Bc1 exf4 27. Bxf4 Ne5
28. Bxe5 dxe5 29. Bd5 Re8 30. Rfe1 Qa5 31. Kh1 Rc7 32. Re2 Qc3 33. Qf3 Qxf3+
34. Bxf3 Kf8 35. Be4 Rd8 36. Red2 Rxd2 37. Rxd2 Ke7 38. Rd5 Kf8 39. Kg2 Kg8 40.
Kf3 Kf8 41. Ke2 Ke7 42. Bf3 g6 43. fxg6 fxg6 44. Be4 g5 45. Kf3 Rc8 46. Bf5 Rc7
47. Ke4 a6 48. Bg4 a5 49. Bf5 Bg7 50. Bg4 Bf6 51. Kf5 Rc8 52. Rd7+ Kxd7 53.
Kxf6+ 1-0